000 01502nam0a2200373 4500
001 RU\NLR\bibl\1374064
005 20250615191433.0
010 _a978-5-8459-0823-0
_91000
021 _aRU
_b2009-25337
_91497
035 _a(NLR Aleph) 001366182
090 _a1012395
_c1012395
100 _a20090331d2008 |||y0rusy50 ca
101 1 _arus
_ceng
102 _aRU
_aUA
105 _aa |||||||||
106 _ar
200 1 _aНовые сложные задачи на С++
_e40 новых головоломных примеров с решениями
_fГерб Саттер
_g[пер. с англ. и ред. к.т.н. И.В. Красикова]
210 _aМосква [и др.]
_cВильямс
_d2008
215 _a271 с.
_cил.
_d24
225 1 _aСерия C++ in-Depth
300 _aЗагл. и авт. ориг.: Exceptional C++ Style / Herb Sutter
300 _aНа обл.: Бьярн Страуструп
320 _aБиблиогр.: с. 265-267
320 _aПредм. указ.: с. 268-271
454 0 _12001#$aExceptional C++ Style
_1700#1$aSutter$bH.$gHerb$4070
_tExceptional C++ Style
_aSutter, Herb
606 1 _aC++, язык программирования
_xЗадачи
_xРешение
_92230138
_3RU\NLR\auth\661338573
686 _aЗ973.23-018.1
700 1 _aСаттер
_bГ.
_gГерб
_4070
801 0 _aRU
_bРКП
_c20090331
_grcr
801 1 _aRU
_bРГБ
_c20090331
801 2 _aRU
_bNLR
_c20090528
_grcr
942 _cBOOK
980 _aNB